Barriers of entrepreneurship in SMEs in Slovak Republic - entrance of foreign investor to Slovak construction market diplomová práca

Guardado en:
Detalles Bibliográficos
Autor principal: Baník, Roman
Autor Corporativo: Ekonomická univerzita v Bratislave. Ústav medzinárodných programov
Otros Autores: Šúbertová, Elena
Formato: Libro
Lenguaje:inglés
Publicado: Bratislava 2010
Etiquetas: Agregar Etiqueta
Sin Etiquetas, Sea el primero en etiquetar este registro!

MARC

LEADER 00000nam a2200000 4500
001 0119423
005 20240318114134.4
041 0 |a eng 
044 |a SK 
245 1 0 |a Barriers of entrepreneurship in SMEs in Slovak Republic - entrance of foreign investor to Slovak construction market  |b diplomová práca  |c Roman Baník ; škol. Elena Šúbertová 
264 1 |a Bratislava  |c 2010 
300 |a 62 s. 
100 1 |a Baník, Roman 
700 1 |a Šúbertová, Elena 
710 2 |a Ekonomická univerzita v Bratislave. Ústav medzinárodných programov